000 00298nam a22001337a 4500
008 170818b xxu||||| |||| 00| 0 eng d
020 _a9780321305992
041 _aeng
080 _210TH
_a51
100 _a37
101 _aMAT
245 _aINTRODUCTORY ALGEBRA
_cBITTINGER,M.L
942 _2udc
_cBK
999 _c24074
_d24074